| 000 | 00562nam a2200181Ia 4500 | ||
|---|---|---|---|
| 003 | GCL | ||
| 008 | 140319s9999 xx 000 0 ara d | ||
| 040 |
_aGCL / _cGCL |
||
| 082 | 0 | 4 |
_a863.01 _bم ض |
| 100 | 1 | _aمحمود مسعود | |
| 245 | 1 | 0 |
_aالضحية / _cمحمود مسعود |
| 700 | 1 | _aماركيز ، جابرييل جارسيا | |
| 300 | _a161 ص | ||
| 490 |
_aروايات الهلال _v0 |
||
| 650 | 0 | 4 | _aالادب الكولومبى المترجم |
| 650 | 0 | 4 | _aالقصص الكولومبية القصيرة المتر |
| 942 |
_2ddc _cBK |
||
| 999 |
_c46980 _d46980 |
||